000 00628nam a2200229Ia 4500
003 OSt
005 20220928104815.0
006 a|||||r|||| 00| 0
007 ta
008 220927b |||||||| |||| 00| 0 eng d
024 _a112945
037 _cTextual
040 _aSDCL
_cSDCL
_beng
041 _2eng
_aeng
082 _aO152,1J90,1:g, k7
100 _aSharma padam singh
_9399629
245 0 _aVihari satsai
_btulnatmak addayyan.
260 _aDilhi
_bGyandeep prakasion
_c1967
300 _a307p.
_ccm.
942 _hO152,1J90,1:g, k7
_cTEXL
_2CC
999 _c727925
_d727925